Giáo trình mỹ học Mác - Lênin

保存先:
書誌詳細
第一著者: Đỗ, Huy
フォーマット: 図書
言語:Undetermined
出版事項: Hà Nội Chính trị Quốc gia 2003
主題:
タグ: タグ追加
タグなし, このレコードへの初めてのタグを付けませんか!
Thư viện lưu trữ: Trung tâm Học liệu Trường Đại học Cần Thơ
LEADER 00557nam a2200193Ia 4500
001 CTU_60286
008 210402s9999 xx 000 0 und d
020 |b 42000 
082 |a 111.85 
082 |b H523 
100 |a Đỗ, Huy 
245 0 |a Giáo trình mỹ học Mác - Lênin 
245 0 |c Đỗ Huy và Vũ Trọng Phụng 
260 |a Hà Nội 
260 |b Chính trị Quốc gia 
260 |c 2003 
650 |a Aesthetics,Communism and literature 
904 |i Minh 
980 |a Trung tâm Học liệu Trường Đại học Cần Thơ